| 000 | 00526nam a2200181 a 4500 | ||
|---|---|---|---|
| 001 | 5036 | ||
| 003 | CDMR | ||
| 005 | 20130611113349.0 | ||
| 008 | 130130s1998||||sp |||||||||||||||||cat|d | ||
| 020 | _a847727195X | ||
| 040 |
_aCDMR _bcat _cCDMR |
||
| 100 | 1 |
_92586 _aMonzó, Quim |
|
| 245 | 1 | 0 |
_aDel tot indefens davant dels hostils imperis alienígenes _cQuim Monzó |
| 260 |
_aBarcelona _bQuaderns Crema _c1998 |
||
| 500 | _a3a reimpressió (1998) | ||
| 600 | 1 |
_92586 _aMonzó, Quim _vRecull d'escrits _y1993-1997 |
|
| 942 |
_cMON _2udc |
||
| 999 |
_c5036 _d5036 |
||